BIBLIOTHÈQUE DE LA MAISON DU MEXIQUE

Logo 1 Logo 2

La Castañeda (notice nᵒ 4262)

détails MARC
000 -Sello discográfico
campo de control de longitud fija 01019nam a2200313 4500
005 - Identificación de versión
campo de control 20251016083751.0
010 ## - Número Estándar Internacional de Libros (ISBN)
Número (ISBN) 2-7291-0311-2
035 ## - Otros números de control del sistema
Número de control del sistema 17403
099 ## - fechas locales
Tipo de ítem Koha LIBRO
100 ## - Datos de procesamiento general
Datos de procesamiento general 19990531d1988 m y1spay5003 ba
200 1# - Título y mención de responsabilidad
Título propio La Castañeda
Designación general del material texto impreso
Primer mención de responsabilidad Vilma Fuentes
Declaración de responsabilidad subsiguiente traduction Ugné Karvelis
205 ## - Declaración de edición
Declaración de edición 1a ed
210 ## - Publicación, distribución, etc.
Lugar de publicación, distribución, etc. Paris
Nombre del editor, distribuidor, etc. Editions de la Différence
Fecha de publicación, distribución, etc. 1988
215 ## - Descripción física
Designación de material específico y extensión del ítem 314 p
Dimensiones 20 cm
318 ## - Nota de acción
Acción No se presta a domicilio
345 ## - Nota de información de adquisición
Fuente de adquisición/dirección de la suscripción [OBSOLETO] Donación de Vilma Fuentes
410 #1 - Series
Título Collection Latitudes
Nombre de parte o sección Littérature
660 ## - Código de área geográfica
Código MX
700 ## - Nombre personal - Responsabilidad primaria
Elemento de entrada Hernández Fuentes
Parte del nombre distinta del elemento de entrada Vilma Guadalupe
Fechas 1949-
Adiciones a los nombres que no sean fechas Vilma Fuentes
Número Koha 1332
702 ## - Nombre personal - Responsabilidad secundaria
Elemento de entrada Karvelis
Parte del nombre distinta del elemento de entrada Ugné
Número Koha 8235
801 #0 - Fuente de origen
Agencia cm
900 ## -
-- 1/18880
900 ## -
-- 7109910791\310599
942 ## - ELEMENTOS DE ENTRADA SECUNDARIOS (KOHA)
Tipo de ítem Koha Livre
996 ## -
-- MEX
-- 751145101
-- MMAG
-- 001096
-- R863.4 F95C
-- 20191119LIV
996 ## -
-- MEX
-- 751145101
-- MMAG
-- 001098
-- 863.4 F95C
-- 20111227LIV
Exemplaires
Estatus retirado Estado de daño Estado de pérdida Fecha de adquisición Biblioteca de origen Biblioteca actual Ubicación en estantería Código de barras Precio de reemplazo Signatura topográfica completa No para préstamo Tipo de ítem Koha Nota pública Nota no pública
      05/08/2025 Casa México Paris Casa México Paris   001098 05/08/2025 863.4 F95C No se presta a domicilio Livre 20111227LIV 751145101